Modelo de Route to Market para la empresa Coca-Cola FEMSA en el municipio de ciudad Darío, departamento de Matagalpa

El trabajo presenta el análisis del modelo de ventas y distribución de productos de la empresa Coca-Cola FEMSA en el municipio de Ciudad Darío, el cual es administrado por un Socio Concesionario, se realizó un diagnóstico de la situación actual el que evidencia problemas de ruteo ligados al d...

Full description

Bibliographic Details
Main Authors: García Blasio, Atalia Margarita, Rivera Guido, Joselth Karina
Other Authors: Tutor: Zuniga Morales, Gonzalo de Jesús
Format: Tesis Section = Libro
Language:Undetermined
Spanish
Published: Managua UNI 2019
Subjects:
LEADER 01410nam a2200265Ia 4500
008 240830s9999 xx 000 0 und d
040 |a BIBLIOTECA-RUSB/ M.Mon 658.81 G216 
041 |a spa 
082 |a M.Mon 658.81 G216 
100 1 |a García Blasio, Atalia Margarita 
100 1 |b Rivera Guido, Joselth Karina 
245 1 0 |a Modelo de Route to Market para la empresa Coca-Cola FEMSA en el municipio de ciudad Darío, departamento de Matagalpa 
260 |a Managua  |b UNI  |c 2019 
300 |a 156 p. :il. 
500 |a Contiene: anexos y CD. 
502 |a Tesis (Máster en Gestión Empresarial) - UNI, 2019. 
520 3 |a El trabajo presenta el análisis del modelo de ventas y distribución de productos de la empresa Coca-Cola FEMSA en el municipio de Ciudad Darío, el cual es administrado por un Socio Concesionario, se realizó un diagnóstico de la situación actual el que evidencia problemas de ruteo ligados al desbalance en la cantidad de clientes visitados al día por ruta, kilometrajes recorridos, jornada laboral y utilización de camiones, asimismo, se lleva a cabo una evaluación del almacenamiento de los productos. 
650 7 |a ADMINISTRACION DE VENTAS 
650 7 |b  DISTRIBUCION DE PRODUCTOS 
650 7 |c  ESTRATEGIAS DE NEGOCIOS 
650 7 |d  RUTAS DE VENTAS 
700 1 |a Tutor:  |b Zuniga Morales, Gonzalo de Jesús 
942 |c BK  |2 ddc 
991 |a TESIS 
999 |c 19501